Pays du Monde en utilisant seulement "C" et "V" - Statistiques

Statistiques générales
  • Ce quiz a été pris 2 280 fois
  • Le résultat moyen est 116 sur 196
Réponses sur la Carte
Les réponses sont colorées sur une échelle allant du rouge au vert en fonction du pourcentage des utilisateurs qui les ont devinées à leur premier essai. Vous pouvez retrouver ces pourcentages ci-dessous.
 
Statistiques - réponses
Pays Pays % Correct
Nouvelle-Zélande CVVCVCCV-CVCVCCV
97%
Cuba | Mali | Togo CVCV
95%
Allemagne VCCVCVCCV
95%
République Centrafricaine CVCVCCVCVV CVCCCVCCVCVVCV
94%
Macédoine du Nord CVCVCVVCV CV CVCC
94%
Irak | Iran VCVC
94%
États-Unis VCVCC-VCVC
94%
Bénin | Gabon | Japon | +5 others CVCVC
93%
République Démocratique du Congo CVCVCCVCVV CVCVCCVCVCVV CV CVCCV
93%
Trinité-et-Tobago CCVCVCV-VC-CVCVCV
91%
Belize | Canada | Kosovo | +4 others CVCVCV
91%
Sao Tomé-et-Principe CVV CVCV-VC-CCVCCVCV
91%
République du Congo CVCVCCVCVV CV CVCCV
90%
Inde VCCV
90%
États Fédérés de Micronésie VCVCC CVCVCVC CV CVCCVCVCVV
90%
Irlande VCCVCCV
88%
Chili | Chine | Ghana | Grèce CCVCV
87%
Laos CVVC
87%
Rwanda CCVCCV
86%
Fidji | Malte | Tonga CVCCV
86%
Kenya | Libye | Pérou | +2 others CVCVV
86%
Guinée CVVCVV
86%
France CCVCCV
84%
Vatican CVCVCVC
84%
Oman VCVC
84%
Îles Salomon VCVC CVCVCVC
84%
Bahamas | Comores | Sénégal CVCVCVC
83%
Suriname CVCVCVCV
83%
Biélorussie CVVCVCVCCVV
83%
Lettonie CVCCVCVV
82%
République Dominicaine CVCVCCVCVV CVCVCVCVVCV
82%
Italie VCVCVV
82%
Uruguay VCVCVVV
82%
Chypre CCVCCV
81%
Brésil CCVCVC
80%
Jamaïque | Malaisie CVCVVCVV
80%
Suisse CVVCCV
80%
Gambie | Russie | Serbie | Zambie CVCCVV
79%
Bosnie-Herzégovine CVCCVV-CVCCVCVCVCV
79%
Bolivie | Liberia | Mexique | +4 others CVCVCVV
79%
Paraguay CVCVCVVV
79%
Suède CVVCV
79%
Israël VCCVVC
79%
Andorre VCCVCCV
78%
Palaos CVCVVC
77%
Haïti | Nauru CVVCV
77%
Angola VCCVCV
76%
Antigua-et-Barbuda VCCVCVV-VC-CVCCVCV
75%
Espagne | Islande VCCVCCV
73%
Barbade | Norvège CVCCVCV
72%
Burkina Faso CVCCVCV CVCV
72%
Moldavie CVCCVCVV
72%
Égypte VCVCCV
72%
Pays-Bas CVVC-CVC
71%
Papouasie-Nouvelle- Guinée CVCVVVCVV-CVVCVCCV-CVVCVV
69%
Burundi | Lesotho | Pologne CVCVCCV
66%
Albanie | Algérie | Arménie | Estonie VCCVCVV
66%
Bhoutan CCVVCVC
64%
République Tchèque CVCVCCVCVV CCCVCVV
62%
Cap-Vert CVC-CVCC
61%
Soudan CVVCVC
59%
Guatemala CVVCVCVCV
59%
Birmanie CVCCVCVV
58%
Koweït CVCVVC
58%
Australie VVCCCVCVV
58%
Honduras | Maldives | Portugal | Salvador CVCCVCVC
57%
Danemark CVCVCVCC
57%
Seychelles CVVCCVCCVC
57%
Sri Lanka CCV CVCCV
56%
Belgique | Bulgarie | Jordanie | +2 others CVCCVCVV
55%
Taïwan CVVCVC
55%
Saint-Vincent-et-les- Grenadines CVVCC-CVCCVCC-VC-CVC- CCVCVCVCVC
54%
Kazakhstan CVCVCCCCVC
53%
Kiribati CVCVCVCV
52%
Argentine VCCVCCVCV
51%
Cambodge | Finlande | Zimbabwe CVCCVCCV
48%
Vanuatu CVCVVCV
47%
Émirats Arabes Unis VCVCVCC VCVCVC VCVC
46%
Pakistan CVCVCCVC
45%
Érythrée VCVCCCVV
45%
Arabie Saoudite VCVCVV CVVVCVCV
44%
Tchad CCCVC
41%
Yémen VVCVC
41%
Colombie CVCVCCVV
40%
Cameroun CVCVCVVC
39%
Maurice CVVCVCV
39%
Ukraine VCCVVCV
39%
Tadjikistan CVCCVCVCCVC
37%
Royaume-Uni CVVVVCV-VCV
37%
Eswatini VCCVCVCV
37%
Turquie CVCCVVV
35%
Mauritanie CVVCVCVCVV
35%
Guyana CVVVCV
35%
Équateur VCVVCVVC
33%
Grenade CCVCVCV
32%
Madagascar CVCVCVCCVC
32%
Côte d'Ivoire CVCV C'VCVVCV
30%
Venezuela CVCVCVVCV
29%
Viêt Nam CVVC CVC
27%
Dominique | Nicaragua CVCVCVCVV
25%
Corée du Sud CVCVV CV CVC
24%
Lituanie CVCVVCVV
24%
Autriche VVCCVCCV
23%
Brunei CCVCVV
22%
Corée du Nord CVCVV CV CVCC
22%
Indonésie VCCVCVCVV
22%
Roumanie CVVCVCVV
21%
Afrique du Sud VCCVCVV CV CVC
21%
Costa Rica CVCCV CVCV
20%
Croatie CCVVCVV
18%
Thaïlande CCVVCVCCV
17%
Botswana CVCCCVCV
17%
Hongrie CVCCCVV
17%
Ouganda VVCVCCV
17%
Bahreïn CVCCVVC
16%
Sainte-Lucie CVVCCV-CVCVV
16%
Philippines CCVCVCCVCVC
15%
Éthiopie VCCVVCVV
15%
Slovénie CCVCVCVV
14%
Slovaquie CCVCVCVVV
14%
Mozambique CVCVCCVCVV
13%
Géorgie CVVCCVV
12%
Afghanistan VCCCVCVCCVC
12%
Azerbaïdjan VCVCCVVCCVC
12%
Bangladesh CVCCCVCVCC
11%
Liechtenstein CVVCCCVCCCVVC
11%
Soudan du Sud CVVCVC CV CVC
11%
Djibouti CCVCVVCV
10%
Kirghizistan CVCCCVCVCCVC
10%
Monténégro CVCCVCVCCV
10%
Ouzbékistan VVCCVCVCCVC
10%
Luxembourg CVCVCCVVCC
9%
Îles Marshall VCVC CVCCCVCC
9%
Turkménistan CVCCCVCVCCVC
8%
Sierra Leone CVVCCV CVVCV
8%
Guinée-Bissau CVVCVV-CVCCVV
8%
Timor Oriental CVCVC VCVVCCVC
7%
Saint-Marin CVVCC-CVCVC
7%
Guinée Équatoriale CVVCVV VCVVCVCVVCV
7%
Saint-Christophe- et-Niévès CVVCC-CCCVCCVCCV-VC-CVVCC
6%
Singapour CVCCVCVVC
5%
Aucun quiz correspondant
Distribution des résultats
% des personnes avec chaque résultat
Percentile par nombre de réponses
Votre historique - résultats
Vous n’avez pas pris ce quiz